Uczestnicy mistrzostw świata w piłce nożnej - Statystyki

Ogólne statystyki
  • Ten quiz został rozwiązany 349 razy
  • Średni wynik to 63 z 78
Statystyki odpowiedzi
Liczba występów Reprezentacja % Poprawnych
17 Argentyna
99%
21 (wszystkie mundiale) Brazylia
99%
15 Hiszpania
99%
8 Polska
99%
19 Niemcy
97%
7 Portugalia
97%
15 Francja
96%
11 Rosja
96%
10 Stany Zjednoczone
96%
15 Anglia
95%
12 Szwecja
95%
13 Urugwaj
95%
18 Włochy
95%
6 Japonia
93%
10 Korea Południowa
93%
5 Australia
92%
5 Chorwacja
92%
1 Kanada`
92%
1 Słowacja
92%
13 Belgia
91%
9 Czechy
91%
10 Holandia
91%
16 Meksyk
91%
3 Norwegia
91%
9 Chile
90%
3 Egipt
90%
12 Serbia
90%
11 Szwajcaria
90%
3 Irlandia
89%
1 Ukraina
89%
6 Kolumbia
88%
5 Arabia Saudyjska
87%
5 Maroko
87%
2 Słowenia
87%
1 Chiny
86%
5 Dania
86%
3 Grecja
86%
8 Szkocja
86%
9 Węgry
86%
7 Austria
85%
2 Korea Północna
85%
3 Południowa Afryka
85%
2 Senegal
85%
5 Iran
84%
2 Nowa Zelandia
84%
2 Turcja
84%
1 Walia
84%
5 Kostaryka
81%
5 Peru
81%
7 Rumunia
81%
1 Islandia
80%
5 Tunezja
80%
8 Paragwaj
79%
3 Ekwador
78%
6 Nigeria
78%
7 Bułgaria
77%
7 Kamerun
77%
1 Panama
77%
3 Boliwia
75%
3 Ghana
74%
4 Algieria
73%
3 Honduras
71%
1 Irak
71%
3 Irlandia Północna
70%
1 Bośnia i Hercegowina
67%
3 Wybrzeże Kości Słoniowej
67%
1 Haiti
66%
1 Izrael
62%
1 Jamajka
62%
1 Kuba
59%
1 Trynidad i Tobago
52%
2 Salwador
51%
1 Indonezja
50%
1 Zjednoczone Emiraty Arabskie
50%
1 Togo
49%
1 Angola
47%
1 Demokratyczna Republika Konga
45%
1 Kuwejt
35%
Nie znaleziono quizów pasujących do podanych kryteriów
Rozkład punktacji
Procent ludzi z każdym wynikiem
Percentyl według liczby udzielonych odpowiedzi
Twoja historia wyników
Nie rozwiązałeś tego quizu